000 00477nam a22001697a 4500
005 20221215145430.0
008 221215b ||||| |||| 00| 0 eng d
040 _cAL
041 _aEnglish
082 _223
_a305.4
_bWOMD
100 _aWomens Division
_966200
245 _aDevelopment Programmes Schemes in NWFP
260 _aIslamabad
_bCabinet Secretariat Government of Pakistan
300 _a7 p.
_bPB
_c21x12 cm.
700 _aWOMENS DIVISION
_966201
942 _2ddc
_cGF
999 _c225801
_d225801